00818nam a2200169Ia 4500003000400000005001700004008004000021020001800061040001000079041001200089082001600101100002200117245002300139260002900162300001000191500044700201OSt20220409094248.0210210b1989 xxu||||| |||| 00| 0 eng d a0 14 012049 1 aALc  aenglish a820.33 THAG aTHAROOR (Shashi). aGreat Indian novel aN DbPenguin Booksc1989 a423,x aIn Shashi Tharoor's satirical masterpiece, the story of the Mahabharata is retold as recent Indian history, and renowned political personalities begin to resemble characters from the Mahabharata-all of whom have a curious and ambiguous relationship with Draupadi Mokrasi (D. Mokrasi for short) . . . Brimming with incisive wit and as enjoyable a read as it is cerebrally stimulating, The Great Indian Novel brilliantly retells reality as myth